[Event "FICGS W-ch st2 g03 email"]
[Site "FICGS email"]
[Date "2022.03.05"]
[Round "1"]
[White "Gounant, Stanislas"]
[Black "Massimini Gerbino, Massimiliano"]
[Result "1/2-1/2"]
[WhiteElo "2192"]
[BlackElo "2261"]
[PlyCount "68"]
[EventDate "2022.??.??"]
[EventType "tourn (corr)"]
[EventRounds "6"]
[SourceTitle "Corr 2024"]
[Source "ChessBase"]
[SourceDate "2023.10.19"]
[SourceVersion "1"]
[SourceVersionDate "2023.10.19"]
[SourceQuality "1"]

1. d4 d5 2. c4 c6 3. Nf3 Nf6 4. e3 e6 5. b3 Nbd7 6. Bb2 Ne4 7. Nbd2 f5 8. Be2 Bd6 9. 0-0 0-0 10. Qc1 a5 11. Ba3 c5 12. dxc5 Ndxc5 13. cxd5 exd5 14. Nd4 Nxd2 15. Qxd2 Ne4 16. Qc1 Bxa3 17. Qxa3 f4 18. f3 Nd2 19. Rfe1 fxe3 20. Rac1 Qf6 21. Qc5 a4 22. Bd1 axb3 23. axb3 Qg5 24. Qxf8+ Kxf8 25. Rxc8+ Kf7 26. Rxa8 Qh4 27. Nc2 Qf2+ 28. Kh1 Nxb3 29. Ra4 Nc1 30. h3 e2 31. Rd4 h5 32. Rd2 exd1Q 33. Rexd1 Ne2 34. Rxd5 Ng3+ 1/2-1/2

[Event "FICGS W-ch st2 g03 email"]
[Site "FICGS email"]
[Date "2022.03.05"]
[Round "1"]
[White "Hybl, Vladislav"]
[Black "Massimini Gerbino, Massimiliano"]
[Result "1/2-1/2"]
[WhiteElo "2368"]
[BlackElo "2261"]
[PlyCount "71"]
[EventDate "2022.??.??"]
[EventType "tourn (corr)"]
[EventRounds "6"]
[SourceTitle "Corr 2024"]
[Source "ChessBase"]
[SourceDate "2023.10.19"]
[SourceVersion "1"]
[SourceVersionDate "2023.10.19"]
[SourceQuality "1"]

1. e4 c5 2. Nf3 d6 3. d4 cxd4 4. Nxd4 Nf6 5. Nc3 a6 6. Be3 e5 7. Nb3 Be6 8. f3 Be7 9. Qd2 0-0 10. 0-0-0 Nbd7 11. g4 b5 12. g5 Nh5 13. Nd5 Bxd5 14. exd5 f6 15. gxf6 Bxf6 16. Na5 Qe8 17. Bh3 Nf4 18. Bxf4 exf4 19. Rhe1 Ne5 20. Re4 Kh8 21. Qe2 b4 22. Rxb4 g5 23. Bf5 Rb8 24. Rxb8 Qxb8 25. Nb3 Qb6 26. Rf1 a5 27. c3 a4 28. Nd4 Ng6 29. Ne6 Rb8 30. a3 Qb3 31. Be4 Ne5 32. Nd4 Qa2 33. Bb1 Qxd5 34. h3 Qb7 35. Rf2 Qc8 36. Bf5 1/2-1/2

[Event "FICGS W-ch st2 g03 email"]
[Site "FICGS email"]
[Date "2022.03.05"]
[Round "1"]
[White "Massimini Gerbino, Massimiliano"]
[Black "Wiaderek, Piotr"]
[Result "1/2-1/2"]
[WhiteElo "2261"]
[BlackElo "2199"]
[PlyCount "50"]
[EventDate "2022.??.??"]
[EventType "tourn (corr)"]
[EventRounds "6"]
[SourceTitle "Corr 2024"]
[Source "ChessBase"]
[SourceDate "2023.10.19"]
[SourceVersion "1"]
[SourceVersionDate "2023.10.19"]
[SourceQuality "1"]

1. d4 d5 2. c4 c6 3. Nf3 Nf6 4. Nc3 e6 5. Bg5 h6 6. Bh4 dxc4 7. e4 g5 8. Bg3 b5 9. Be2 Bb7 10. 0-0 Nbd7 11. Ne5 h5 12. Nxd7 Qxd7 13. Qc1 Rg8 14. Rd1 a6 15. b3 cxb3 16. axb3 Bb4 17. Na2 Ba5 18. Be5 Qe7 19. Bxf6 Qxf6 20. e5 Qe7 21. Nc3 Bxc3 22. Qxc3 g4 23. f3 0-0-0 24. fxg4 hxg4 25. Rf1 c5 1/2-1/2

[Event "FICGS W-ch st2 g03 email"]
[Site "FICGS email"]
[Date "2022.03.05"]
[Round "1"]
[White "Walton, John"]
[Black "Massimini Gerbino, Massimiliano"]
[Result "1-0"]
[WhiteElo "2261"]
[BlackElo "2261"]
[PlyCount "41"]
[EventDate "2022.??.??"]
[EventType "tourn (corr)"]
[EventRounds "6"]
[SourceTitle "Corr 2024"]
[Source "ChessBase"]
[SourceDate "2023.10.19"]
[SourceVersion "1"]
[SourceVersionDate "2023.10.19"]
[SourceQuality "1"]

1. d4 d5 2. c4 Nf6 3. cxd5 Nxd5 4. Nf3 g6 5. e4 Nb6 6. h3 Bg7 7. Nc3 0-0 8. Be3 c6 9. Be2 Be6 10. 0-0 Bc4 11. h4 h5 12. Rc1 Bxe2 13. Nxe2 N8d7 14. Ng5 e6 15. a4 Nf6 16. Qb3 Qd7 17. Rfd1 Rae8 18. g3 Ng4 19. Bd2 Rd8 20. Kg2 Nh6 21. Nf4 1-0

[Event "FICGS W-ch st2 g03 email"]
[Site "FICGS email"]
[Date "2021.07.13"]
[Round "1"]
[White "Ligon, Scott"]
[Black "Massimini Gerbino, Massimiliano"]
[Result "1/2-1/2"]
[WhiteElo "2199"]
[BlackElo "2302"]
[PlyCount "63"]
[EventDate "2021.??.??"]
[EventType "tourn (corr)"]
[EventRounds "8"]
[SourceTitle "Corr 2024"]
[Source "ChessBase"]
[SourceDate "2023.10.19"]
[SourceVersion "1"]
[SourceVersionDate "2023.10.19"]
[SourceQuality "1"]

1. e4 c5 2. Nf3 d6 3. Bb5+ Bd7 4. c4 Nf6 5. Nc3 a6 6. Bxd7+ Nbxd7 7. 0-0 e6 8. d4 cxd4 9. Nxd4 Rc8 10. Qe2 Qa5 11. Be3 Be7 12. f4 h6 13. Kh1 0-0 14. Rac1 Qh5 15. Rf3 Rfe8 16. Bg1 Bd8 17. Nb3 Bb6 18. Rd1 Bxg1 19. Kxg1 Nc5 20. h3 b5 21. Rxd6 bxc4 22. Nd4 e5 23. Nf5 Ncxe4 24. Nxe4 Qxf5 25. Nxf6+ gxf6 26. fxe5 Qxe5 27. Qxe5 fxe5 28. Rxh6 Rc5 29. Rf5 Kg7 30. Rxa6 Rb8 31. Rf2 f5 32. Ra7+ 1/2-1/2

[Event "FICGS W-ch st2 g03 email"]
[Site "FICGS email"]
[Date "2021.07.13"]
[Round "1"]
[White "Massimini Gerbino, Massimiliano"]
[Black "Cirulis, Ilmars"]
[Result "1/2-1/2"]
[WhiteElo "2302"]
[BlackElo "2235"]
[PlyCount "51"]
[EventDate "2021.??.??"]
[EventType "tourn (corr)"]
[EventRounds "8"]
[SourceTitle "Corr 2024"]
[Source "ChessBase"]
[SourceDate "2023.10.19"]
[SourceVersion "1"]
[SourceVersionDate "2023.10.19"]
[SourceQuality "1"]

1. d4 Nf6 2. c4 g6 3. Nc3 d5 4. cxd5 Nxd5 5. e4 Nxc3 6. bxc3 Bg7 7. Nf3 c5 8. Rb1 0-0 9. Be2 cxd4 10. cxd4 Qa5+ 11. Bd2 Qxa2 12. 0-0 Bg4 13. Be3 Nc6 14. d5 Ne5 15. Rxb7 a5 16. Rxe7 a4 17. Bd4 Nxf3+ 18. Bxf3 Bxf3 19. gxf3 Bxd4 20. Qxd4 a3 21. Kg2 Qb2 22. Qxb2 axb2 23. Rb1 Rfb8 24. d6 Kf8 25. Rc7 Rb5 26. d7 1/2-1/2

[Event "FICGS W-ch st2 g03 email"]
[Site "FICGS email"]
[Date "2021.07.13"]
[Round "1"]
[White "Massimini Gerbino, Massimiliano"]
[Black "Flores, Luis"]
[Result "1/2-1/2"]
[WhiteElo "2302"]
[BlackElo "2176"]
[PlyCount "59"]
[EventDate "2021.??.??"]
[EventType "tourn (corr)"]
[EventRounds "8"]
[SourceTitle "Corr 2024"]
[Source "ChessBase"]
[SourceDate "2023.10.19"]
[SourceVersion "1"]
[SourceVersionDate "2023.10.19"]
[SourceQuality "1"]

1. d4 Nf6 2. c4 g6 3. Nc3 d5 4. cxd5 Nxd5 5. e4 Nxc3 6. bxc3 Bg7 7. Nf3 c5 8. Rb1 0-0 9. Be2 cxd4 10. cxd4 Qa5+ 11. Bd2 Qxa2 12. 0-0 Bg4 13. Bg5 h6 14. Be3 Nc6 15. d5 Ne5 16. Rxb7 a5 17. Rxe7 a4 18. Bd4 Nxf3+ 19. Bxf3 Bxf3 20. gxf3 Bxd4 21. Qxd4 a3 22. d6 Qb2 23. Qxb2 axb2 24. Kg2 Rfb8 25. Rb1 Kg7 26. d7 Rb5 27. Re8 Rg5+ 28. Kh3 Ra3 29. Rg8+ Kh7 30. Rh8+ 1/2-1/2

[Event "WC-2021-S-00001"]
[Site "LSS email"]
[Date "2021.05.24"]
[Round "?"]
[White "Massimini Gerbino, Massimiliano"]
[Black "Broniek, Mariusz Maciej"]
[Result "1/2-1/2"]
[WhiteElo "2358"]
[BlackElo "2452"]
[PlyCount "128"]
[EventDate "2021.05.24"]
[EventType "tourn (corr)"]
[EventRounds "12"]
[EventCountry "GER"]
[SourceTitle "Corr 2024"]
[Source "ChessBase"]
[SourceDate "2023.10.19"]
[SourceVersion "1"]
[SourceVersionDate "2023.10.19"]
[SourceQuality "1"]

1. d4 Nf6 2. c4 e6 3. Nf3 d5 4. Nc3 Bb4 5. Bg5 h6 6. Bxf6 Qxf6 7. e3 0-0 8. Rc1 Nc6 9. cxd5 exd5 10. Qb3 Rd8 11. Be2 a5 12. 0-0 Ne7 13. Nb5 c6 14. a3 Bd6 15. Nxd6 Qxd6 16. Bd3 a4 17. Qb6 Be6 18. Rc3 Rdb8 19. Qb4 Qd8 20. Re1 Bf5 21. Bxf5 Nxf5 22. e4 dxe4 23. Rxe4 Qf8 24. d5 cxd5 25. Qxf8+ Kxf8 26. Re5 d4 27. Rd3 Ne7 28. Rb5 Nc6 29. Kf1 g6 30. h4 Rd8 31. Rxb7 Ra5 32. g3 Rc5 33. Rc7 Rc4 34. b4 axb3 35. Rxb3 Rd5 36. Rb6 Ne5 37. Rxc4 Nxc4 38. Rb4 Nxa3 39. Nxd4 Rc5 40. Kg2 Nc2 41. Nxc2 Rxc2 42. Rb8+ Kg7 43. Rb5 h5 44. Ra5 Kf6 45. Ra1 Kg7 46. Ra6 Rc7 47. f3 Rc2+ 48. Kf1 Kf8 49. Ra8+ Ke7 50. Ra7+ Kf6 51. Kg1 Rc1+ 52. Kg2 Rc2+ 53. Kf1 Rc1+ 54. Kg2 Kg7 55. Ra2 Rc4 56. Ra7 Rc2+ 57. Kf1 Rd2 58. Ra6 Rd8 59. Kf2 Rd7 60. Ra2 Rd8 61. Ra7 Rd3 62. g4 hxg4 63. fxg4 Rh3 64. h5 gxh5 1/2-1/2

[Event "WC-2021-S-00001"]
[Site "LSS email"]
[Date "2021.05.24"]
[Round "?"]
[White "Massimini Gerbino, Massimiliano"]
[Black "Kireev, Sergey Ivanovich"]
[Result "1/2-1/2"]
[WhiteElo "2358"]
[BlackElo "2399"]
[PlyCount "68"]
[EventDate "2021.05.24"]
[EventType "tourn (corr)"]
[EventRounds "12"]
[EventCountry "GER"]
[SourceTitle "Corr 2024"]
[Source "ChessBase"]
[SourceDate "2023.10.19"]
[SourceVersion "1"]
[SourceVersionDate "2023.10.19"]
[SourceQuality "1"]

1. d4 d5 2. Nf3 Nf6 3. c4 c6 4. Nc3 e6 5. Bg5 h6 6. Bh4 dxc4 7. e4 g5 8. Bg3 b5 9. h4 g4 10. Ne5 Nbd7 11. Be2 Bb7 12. Nxd7 Qxd7 13. Be5 Qe7 14. b3 Rg8 15. Qc2 Nd7 16. Bg3 e5 17. d5 cxd5 18. Nxd5 Qc5 19. bxc4 f5 20. h5 f4 21. Bh4 Rc8 22. Rb1 f3 23. gxf3 gxf3 24. Bxf3 Qxc4 25. Qxc4 Rxc4 26. Rxb5 Bc6 27. Ra5 Bc5 28. Ra6 Bxd5 29. exd5 Bb6 30. Bd1 Nc5 31. Ra3 Kd7 32. Rf3 Ba5+ 33. Ke2 Rd4 34. Rf7+ Kc8 1/2-1/2

[Event "WC-2021-S-00001"]
[Site "LSS email"]
[Date "2021.05.24"]
[Round "?"]
[White "Massimini Gerbino, Massimiliano"]
[Black "Langer, Raimund"]
[Result "1/2-1/2"]
[WhiteElo "2358"]
[BlackElo "2484"]
[PlyCount "81"]
[EventDate "2021.05.24"]
[EventType "tourn (corr)"]
[EventRounds "12"]
[EventCountry "GER"]
[SourceTitle "Corr 2024"]
[Source "ChessBase"]
[SourceDate "2023.10.19"]
[SourceVersion "1"]
[SourceVersionDate "2023.10.19"]
[SourceQuality "1"]

1. d4 Nf6 2. c4 e6 3. Nf3 d5 4. Nc3 Bb4 5. Bg5 h6 6. Bxf6 Qxf6 7. e3 0-0 8. Rc1 dxc4 9. Bxc4 c5 10. 0-0 cxd4 11. Nxd4 Bd7 12. Ne4 Qe7 13. Be2 Nc6 14. Nb3 Rfd8 15. a3 Be8 16. Qc2 Bd6 17. Nxd6 Rxd6 18. Rfd1 Rad8 19. Rxd6 Rxd6 20. Qb1 b6 21. Rc3 Qd7 22. h3 a5 23. Qe4 Qd8 24. Bb5 Rd1+ 25. Kh2 Ne7 26. Bxe8 Qxe8 27. Nd4 Qb8+ 28. g3 Rd2 29. Rc2 Rxc2 30. Qxc2 Qc8 31. Qa4 Kf8 32. Qb5 Qc7 33. Qa4 g6 34. Nf3 Nf5 35. Kg2 Qc5 36. Qf4 Kg7 37. b4 axb4 38. axb4 Qd6 39. Qe4 b5 40. g4 Ne7 41. Nd4 1/2-1/2